000
00334 a2200109 4500
001
ART_51844
005
20260410161746.0
008
260409a
245
1
0
_a
Eliminación de la violencia y el acoso en el mundo del trabajo
100
1
_a
Duarte, David
773
0
_t
Doctrina laboral
_g
- N° 426 (feb. 2021)
_w
REV4049
999
_c
19212
_d
19212